LEADER 00771nam a2200217 i 4500 001 000000240638 003 CaOOAMICUS 005 20150407000000.0 008 150407s1745 it u000 u ita u 013 $a219543 026 $asoo- n-i- a.u- haex (3) 1745 (R) 040 $aSeMil$bita 245 10$aTomo 3. 300 $a[24], 642, [18] p. 500 $aSegn.: a8 b4 A-2R8 2S10. 773 0 $aBernini, Domenico <1657-1723>$tIstoria di tutte l'eresie descritta da Domenico Bernino. Tomo 1. [-4.].$dVenezia : Nella stamperia Baglioni, 1745.$g3$w()7921 850 $aSeMil 852 $aSeMil$W1$xVenegono$y1$m3D IV 12 FA$j190984$B190984$CSeMilBibl$Z2$F201800 $8I 941 1 $a10 961 $aRecupero: Mantegazza 996 $6245$aTomo 3$9(OLS)http://semarc/title/53129 LEADER 01046nam a2200229 i 4500 001 000000199967 003 CaOOAMICUS 005 20110331000000.0 008 110331n it u000 u ita u 013 $a178665 040 $aSeMil$bita 100 1 $aCrivelli, Luigi .$0(OLS)http://semarc/name/23262 245 10$aTardi ti ho amato ora te solo cerco :$bConversione e Battesimo di S. Agostino /$cLuigi Crivelli. 260 $aCinisello Balsamo :$bCasa editrice Universo,$c[19--?] 300 $a32 p. :$briccamente ill. ;$c21 cm. 500 $aTitolo da copertina. 650 4$aAgostino, Aurelio - Conversione.$0(OLS)http://semarc/subject/6339 850 $aSeMil 852 $aSeMil$W1$xVenegono$y1$m5D IX 13/3$j150501$B150501$CSeMilBibl$Z2$F161849 $81 961 $aOmaggio: Altro 996 $6245$aTardi ti ho amato ora te solo cerco :$bConversione e Battesimo di S. Agostino$9(OLS)http://semarc/title/289124 996 $6260$aCinisello Balsamo :$bCasa editrice Universo$9(OLS)http://semarc/publisher/51413